000 00983nam a22001937a 4500
003 BR-ViAPE
005 20260603120241.0
008 260603s1900 por gs||||s00| 0 por d
040 _cBR-ViAPE
110 _aEspírito Santo
_bEstado
245 _aRelatório apresentado ao governo municipal do Porto do Cachoeiro de Santa Leopoldina pelo seu presidente Dr. Arthur Lourenço de Araujo Primo em 23 de maio de 1900
260 _aVitória
_bPapelaria e Typographia de A. Moreira Dantas
_c1900
300 _a35 p.
_bDocumento digitalizado (PDF)
500 _aDocumento digitalizado do acervo institucional do Arquivo Público do Estado do Espírito Santo - APEES.
650 _aAdministração pública
_xRelatório
_zSanta Leopoldina (ES)
651 _aEspírito Santo (Brasil)
856 _uhttps://ape.es.gov.br/Media/ape/PDF/Livros/Livros_Historicos/Obras_raras/1900_a_1910/APEES_OR_relatorio_sta_leopoldin_1900.pdf
_yCLIQUE AQUI PARA ACESSAR O DOCUMENTO
942 _2ddc
_cOBRAS_RARA
_n1
999 _c771
_d771